Skip to content
VuFind
Login
All Fields
Title
Author
Subject
Call Number
ISBN/ISSN
Tag
Find
Advanced
நுண்ணறிவுக் களஞ்சியம் தரம் 4-5...
Cite this
Text this
Email this
Print
Export Record
Export to RefWorks
Export to EndNoteWeb
Export to EndNote
Export to MARC
Export to BibTeX
Export to RIS
Save to List
Permanent link
நுண்ணறிவுக் களஞ்சியம் தரம் 4-5
Saved in:
Bibliographic Details
Main Author:
நபீல்
Format:
Book
Language:
English
Published:
கண்டி
மாணவா் அச்சகம்
2025
Tags:
Add Tag
No Tags, Be the first to tag this record!
Holdings
Description
Comments
Similar Items
Staff View
MARC
LEADER
00000nam a22000007a 4500
005
20251021123711.0
008
251021b |||||||| |||| 00| 0 eng d
020
|a
9789553990600
082
|a
001
|b
நபீல்
100
|a
நபீல்
245
|a
நுண்ணறிவுக் களஞ்சியம் தரம் 4-5
|c
கே.எல்.எம்.நபீல்
260
|a
கண்டி
|b
மாணவா் அச்சகம்
|c
2025
300
|a
156
942
|c
BK
999
|c
16181
|d
16181
Similar Items
நுண்ணறிவுக் களஞ்சியம் : தரம் 4 - 5 /
by: கே.எல்.எம்.நபீல்
Published: (2025)
நுண்ணறிவுக் களஞ்சியம் : தரம் 5
by: K.L.M. நபீல்
Published: (2017)
நுண்ணறிவுக் களஞ்சியம்/
by: நபீல்.K.L.M
Published: (2017)
நுண்ணறிவுக் களஞ்சியம் தரம் 5 மாணவர்களின் புலமைப்பரிசில் பரீட்சையை மையமாகக் கொண்டு தயாரிக்கபட்டுள்ளது : தரம் - 4 - 5 /
Published: (2025)
நுண்ணறிவுக் கதைகள்
by: பழனியப்பன்
Published: (2001)